Region b.-f. du specter solaire (Record no. 4679)

MARC details
000 -LEADER
fixed length control field 00501nam a2200181Ia 4500
003 - CONTROL NUMBER IDENTIFIER
control field IN-BaIIA
008 - FIXED-LENGTH DATA ELEMENTS--GENERAL INFORMATION
fixed length control field 211028s9999 xx 000 0 eng d
040 ## - CATALOGING SOURCE
Transcribing agency IIA Library
080 ## - UNIVERSAL DECIMAL CLASSIFICATION NUMBER
Universal Decimal Classification number 523.947-355
Item number SPE
100 ## - MAIN ENTRY--PERSONAL NAME
Personal name Spee, P. E
9 (RLIN) 8284
245 #0 - TITLE STATEMENT
Title Region b.-f. du specter solaire
Statement of responsibility, etc. P. E. Spee
260 ## - PUBLICATION, DISTRIBUTION, ETC.
Place of publication, distribution, etc. Bruzelles
Name of publisher, distributor, etc. Polleunis and Centrick
Date of publication, distribution, etc. 1899
300 ## - PHYSICAL DESCRIPTION
Extent [various pagings.]
650 ## - SUBJECT ADDED ENTRY--TOPICAL TERM
Topical term or geographic name entry element Region b.-f
9 (RLIN) 8285
650 ## - SUBJECT ADDED ENTRY--TOPICAL TERM
Topical term or geographic name entry element Solar spectrum
9 (RLIN) 2553
650 ## - SUBJECT ADDED ENTRY--TOPICAL TERM
Topical term or geographic name entry element Spectre solaire
9 (RLIN) 8286
942 ## - ADDED ENTRY ELEMENTS (KOHA)
Koha item type Books
Holdings
Withdrawn status Lost status Damaged status Not for loan Home library Current library Shelving location Date acquired Total Checkouts Full call number Barcode Date last seen Price effective from Koha item type
        IIA Library-Bangalore IIA Library-Kodaikanal General Stacks 12/02/1975   523.947-355 / SPE 5225 05/11/2021 12/02/1975 Books

Powered by Koha